Kemelut politik Semenanjung Tanah Melayu / (Record no. 218)

000 -LEADER
fixed length control field nam a22 a 4500
003 - CONTROL NUMBER IDENTIFIER
control field AKMAL
005 - DATE AND TIME OF LATEST TRANSACTION
control field 20170427085039.0
008 - FIXED-LENGTH DATA ELEMENTS--GENERAL INFORMATION
fixed length control field 981214s1998 my 00 may d
020 ## - INTERNATIONAL STANDARD BOOK NUMBER
International Standard Book Number 9831000439 (kkt.) :
Terms of availability RM 25.00
040 ## - CATALOGING SOURCE
Original cataloging agency AKMAL
082 04 - DEWEY DECIMAL CLASSIFICATION NUMBER
Classification number 320.95951 RAM
090 00 - LOCALLY ASSIGNED LC-TYPE CALL NUMBER (OCLC); LOCAL CALL NUMBER (RLIN)
Classification number (OCLC) (R) ; Classification number, CALL (RLIN) (NR) 320.95951
Local cutter number (OCLC) ; Book number/undivided call number, CALL (RLIN) RAM
100 0# - MAIN ENTRY--PERSONAL NAME
Personal name Ramlah Adam,
Dates associated with a name 1950-
9 (RLIN) 492
245 10 - TITLE STATEMENT
Title Kemelut politik Semenanjung Tanah Melayu /
Statement of responsibility, etc. Ramlah Adam
260 ## - PUBLICATION, DISTRIBUTION, ETC.
Place of publication, distribution, etc. Kuala Lumpur :
Name of publisher, distributor, etc. Penerbit Universiti Malaya,
Date of publication, distribution, etc. 1998
300 00 - PHYSICAL DESCRIPTION
Extent xi, 317ms. :
Dimensions 22cm
500 ## - GENERAL NOTE
General note Mengandungi indeks
504 ## - BIBLIOGRAPHY, ETC. NOTE
Bibliography, etc. note Bibliografi: ms. 307 - 313
650 #0 - SUBJECT ADDED ENTRY--TOPICAL TERM
Topical term or geographic name entry element Malay
General subdivision Politics and government
9 (RLIN) 493
650 #0 - SUBJECT ADDED ENTRY--TOPICAL TERM
Topical term or geographic name entry element Malay
General subdivision Politics and government
Geographic subdivision Malaya
9 (RLIN) 494
942 ## - ADDED ENTRY ELEMENTS (KOHA)
Source of classification or shelving scheme
Koha item type Book
Holdings
Withdrawn status Lost status Source of classification or shelving scheme Damaged status Not for loan Collection code Home library Current library Shelving location Date acquired Inventory number Total Checkouts Full call number Barcode Date last seen Price effective from Koha item type
          NON-FICTION AKMAL Melaka AKMAL Melaka PINJAMAN 27.04.2017 305581   320.95951 RAM 201700535 27.04.2017 27.04.2017 Book
          NON-FICTION AKMAL Melaka AKMAL Melaka PINJAMAN 27.04.2017 305582   320.95951 RAM 201700534 27.04.2017 27.04.2017 Book
Pusat Sumber Maklumat Dato' Haji Sarmin Md Hussin, Akademi Kastam Diraja Malaysia, Melaka
Tel: 06-2331106 | Faks: 06-2313787